000 00819nam a22002297a 4500
005 2009090501381.0
008 090904t xxu||||| |||| 00| 0 eng d
010 _aB-357045
020 _c45.00
_a9788171873371
035 _aB-357045
037 _bDBAD / PUB
040 _adpl
_bEnglish
082 _aS
245 _aTales from Mahabharata /
_ccompiled by H.G. Sadhana Sidh Das
260 _aNew Delh
_bBook Palace
_c2009
270 _a4598/12-B, Ansari Road, Daryaganj
_bNew Delhi
_e110002
300 _a160p. :
_c18cm(pbk)
_bcol. ill.
650 _aTales
_zIndia
700 _aDas, H.G. Sadhana Sidh
942 _2ddc
_cCH
_hS
_mTAL
999 _c30082
_d30082